Meaning of crystallinity in polymers (Record no. 21837)

MARC details
000 -LEADER
fixed length control field 00354nam a2200121Ia 4500
082 ## - DEWEY DECIMAL CLASSIFICATION NUMBER
Classification number 678:532.78
Item number PRI
245 #0 - TITLE STATEMENT
Title Meaning of crystallinity in polymers
260 ## - PUBLICATION, DISTRIBUTION, ETC. (IMPRINT)
Place of publication New York
Name of publisher John Wiley
Year of publication 1967
490 ## - SERIES STATEMENT
Series statement Journal of Polymer Science, Polymer symposia Part 18
700 ## - ADDED ENTRY--PERSONAL NAME
Personal name Price, Fraser
942 ## - ADDED ENTRY ELEMENTS (KOHA)
Koha item type Books
Holdings
Withdrawn status Lost status Damaged status Not for loan Home library Current library Date acquired Cost, normal purchase price Full call number Accession Number Koha item type
        RRII Library RRII Library 16/12/2021 6.50 678:532.78 PRI 02554 Books